Modern Electronic Instrumentation & Measurement Techniques (Record no. 8980)
[ view plain ]
| 000 -LEADER | |
|---|---|
| fixed length control field | 00444nam a2200169Ia 4500 |
| 008 - FIXED-LENGTH DATA ELEMENTS--GENERAL INFORMATION | |
| fixed length control field | 221030s9999 xx 000 0 und d |
| 020 ## - INTERNATIONAL STANDARD BOOK NUMBER | |
| ISBN | 8120307520 |
| 041 ## - LANGUAGE CODE | |
| Language code of text/sound track or separate title | |
| 082 ## - DEWEY DECIMAL CLASSIFICATION NUMBER | |
| Classification number | 105.23 |
| 100 ## - MAIN ENTRY--AUTHOR NAME | |
| Personal name | A. D. Helfrick |
| 245 #0 - TITLE STATEMENT | |
| Title | Modern Electronic Instrumentation & Measurement Techniques |
| Statement of responsibility, etc | by A. D. Helfrick, W. D. Cooper |
| 260 ## - PUBLICATION, DISTRIBUTION, ETC. (IMPRINT) | |
| Name of publisher | PHI |
| Place of publication | New Delhi |
| Year of publication | 2009 |
| 300 ## - PHYSICAL DESCRIPTION | |
| Number of Pages | 445 |
| 650 ## - SUBJECT ADDED ENTRY--TOPICAL TERM | |
| Topical Term | ECE |
| 700 ## - ADDED ENTRY--PERSONAL NAME | |
| Personal name | W. D. Cooper |
| 942 ## - ADDED ENTRY ELEMENTS (KOHA) | |
| Koha item type | Books |
| Accession Number | Cost, normal purchase price | Bill Date | Full call number | Source of acquisition | Price effective from | Koha item type | Withdrawn / writtenoff status | Materials specified (bound volume or other part) | Damaged status | Not for loan | Permanent Location | Current Location | Shelving location | Date acquired | Lost/ Missing status | department |
|---|---|---|---|---|---|---|---|---|---|---|---|---|---|---|---|---|
| BE 10672 | 225.00 | 158 | 105.23 | Durga Books, Amritsar | 10/30/2022 | Books | Not For Loan | MIET Library, Jammu | MIET Library, Jammu | BL-Academic Block B, FL-1, CUP-75, SH-6, R-6 | 03/12/2010 | BE | ||||
| BE 10673 | 225.00 | 158 | 105.23 | Durga Books, Amritsar | 10/30/2022 | Books | MIET Library, Jammu | MIET Library, Jammu | BL-Academic Block C, FL-2, CUP-31, SH-2, R-2 | 03/12/2010 | BE | |||||
| BE 10674 | 225.00 | 158 | 105.23 | Durga Books, Amritsar | 10/30/2022 | Books | MIET Library, Jammu | MIET Library, Jammu | BL-Academic Block C, FL-2, CUP-31, SH-2, R-2 | 03/12/2010 | BE | |||||
| BE 10675 | 225.00 | 158 | 105.23 | Durga Books, Amritsar | 10/30/2022 | Books | MIET Library, Jammu | MIET Library, Jammu | BL-Academic Block C, FL-2, CUP-31, SH-2, R-2 | 03/12/2010 | BE | |||||
| BE 10676 | 225.00 | 158 | 105.23 | Durga Books, Amritsar | 10/30/2022 | Books | MIET Library, Jammu | MIET Library, Jammu | BL-Academic Block A, FL-1, CUP-121, SH-4, R-4 | 03/12/2010 | BE |